000 00694nas a2200277 4500
001 BR9104445
003 BR-BrBNA
005 20231205092207.0
007 ta
008 230509b bl.|||p| |||| 00| 00por d
040 _aBR-BrBNA
_bpor
_cBiblioteca Nacional de Agricultura
041 _a(Pt)
072 _aF01
100 1 _aAnon.
245 1 _aAs trepadeiras [uva, framboesa, Kiwi e maracuja]
650 _aUVA
650 _aFRAMBOESA
650 _aKIWI
650 _aMARACUJA
650 _aPLANTIO
650 _aPOMAR
650 _aPRATICO
773 0 _tGuia Rural (Brazil)
_x
_g(1991), p. 99-102
_wBR9104445
909 _a202311
_bLúcia
_c55
_dLúcia Elande
942 _2AGRIS
_n0
_cANA
999 _c129998
_d129998